000 00588nam a2200133Ia 4500
003 GCL
008 140319s9999 xx 000 0 ara d
040 _aGCL /
_cGCL
082 0 4 _a818
_bق ن
100 1 _aالقليوبى : شهاب الدين ابو العباس احمد بن احمد بن سلامة الشافعى
245 1 0 _aنوادر القليوبى(هدية من مكتبة الاديب عبدالفتاح الجمل) /
_cالقليوبى : شهاب الدين ابو العباس احمد بن احمد بن سلامة الشافعى
300 _a120
490 _a100 قصة
_v0
999 _c46731
_d46731